Especies colombianas de Cryptognatha Mulsant (<Coleoptera: Coccinellidae>) (Registro nro. 14060)

Detalles MARC
000 -CABECERA
Campo de control 003830000a22001090004500
090 ## - CLASIFICACIÓN LOCAL
Colección AS
Consecutivo Seriadas
041 0# - IDIOMA
Código de idioma para texto/pista de sonido o título separado
100 1# - ASIENTO PRINCIPAL--NOMBRE PERSONAL
Nombre personal Chapin, Edward A.
245 10 - MENCION DE TITULO
Título Especies colombianas de Cryptognatha Mulsant (<Coleoptera: Coccinellidae>)
773 1# - Item fuente:
Título Revista de la Academia Colombiana de Ciencias Exactas, Fisicas y Naturales
Especificación de materiales 32
Descripción física 46
Paginas del Articulo 231-234
Lugar, editorial y fecha de publicación 1964
Información sobre la relación 7
942 ## - ELEMENTOS ADICIONALES (KOHA)
Tipo de ítem Artículo

No hay ítems disponibles.